| 000 | 00855nmm a2200277 a 4500 | ||
|---|---|---|---|
| 001 | ocm000651531 | ||
| 003 | TR-IsHL | ||
| 005 | 20201028141429.0 | ||
| 008 | 131226s2004 tu tur | ||
| 007 | cr cn | ||
| 020 | _a9789758523184 | ||
| 035 |
_a651531 _b(N$T) |
||
| 050 | 0 | 4 |
_aPL248.N36 _bİ5 2004 |
| 090 | 0 | 4 |
_aPL248.N36 _bİ5 2004 |
| 100 | 1 | _aNamık Kemal | |
| 245 | 1 | 0 |
_aİntibah _h[electronic resource] / _cNamık Kemal ; çev. Arife Can |
| 260 |
_aİstanbul : _bArmoni Yayınları, _c2004 |
||
| 300 | _a142 p. | ||
| 650 | 4 | _aDil ve Edebiyat | |
| 650 | 4 | _aLanguage and Literature | |
| 650 | 0 | _aTürk romanı | |
| 650 | 0 | _aTurkish fiction | |
| 650 | 7 |
_aLITERARY COLLECTIONS / Middle Eastern _2bisacsh |
|
| 700 | 1 | _aCan, Arife | |
| 856 | 4 | 0 | _uhttp://search.ebscohost.com/login.aspx?direct=true&scope=site&db=e011xww&AN=651531 |
| 999 |
_c7813 _d7813 |
||